Southville International School and Colleges
Your cart is empty.
  • Cart
  • Lists
    Public lists list_1 View all
    Your lists Log in to create your own lists
  • Log in to your account
  • Your cookies
  • Search history
Southville International School and Colleges
  • Advanced search
  • Recent comments
  • Most popular
  • Libraries

Log in to your account

Log in with GOOGLE


If you do not have an external account, but do have a local account, you can still log in:

  1. Home
  2. MARC view: Control of communicable diseases in man /
Normal view MARC view ISBD view

Control of communicable diseases in man / (Record no. 289034)

[ view plain ]
MARC details
000 -LEADER
fixed length control field 00757cam a22002651 4500
001 - CONTROL NUMBER
control field 6551992
003 - CONTROL NUMBER IDENTIFIER
control field PILC
005 - DATE AND TIME OF LATEST TRANSACTION
control field 20160105131531.0
008 - FIXED-LENGTH DATA ELEMENTS--GENERAL INFORMATION
fixed length control field 760510s1960 nyu 000 0 eng
010 ## - LIBRARY OF CONGRESS CONTROL NUMBER
LC control number 60004205
035 ## - SYSTEM CONTROL NUMBER
System control number (OCoLC)2166071
040 ## - CATALOGING SOURCE
Original cataloging agency DLC
Transcribing agency OYU
Modifying agency OCoLC
-- DLC
042 ## - AUTHENTICATION CODE
Authentication code premarc
050 00 - LIBRARY OF CONGRESS CALL NUMBER
Classification number RA 643
Item number .A5 1975
082 ## - DEWEY DECIMAL CLASSIFICATION NUMBER
Classification number 614.4
110 2# - MAIN ENTRY--CORPORATE NAME
Corporate name or jurisdiction name as entry element American Public Health Association.
245 10 - TITLE STATEMENT
Title Control of communicable diseases in man /
250 ## - EDITION STATEMENT
Edition statement 13th edition.
260 ## - PUBLICATION, DISTRIBUTION, ETC. (IMPRINT)
Place of publication, distribution, etc Washington, DC :
Name of publisher, distributor, etc American Public Health Association,
Date of publication, distribution, etc 1975.
300 ## - PHYSICAL DESCRIPTION
Extent 443 pages ;
Dimensions 20 cm.
500 ## - GENERAL NOTE
General note Includes index.
650 #0 - SUBJECT ADDED ENTRY--TOPICAL TERM
Topical term or geographic name as entry element Communicable diseases.
906 ## - LOCAL DATA ELEMENT F, LDF (RLIN)
a 7
b cbc
c oclcrpl
d u
e ncip
f 19
g y-gencatlg
942 ## - ADDED ENTRY ELEMENTS (KOHA)
Source of classification or shelving scheme Library of Congress Classification
Koha item type Books
Holdings
Withdrawn status Lost status Source of classification or shelving scheme Damaged status Home library Current library Shelving location Date acquired Source of acquisition Total Checkouts Full call number Barcode Date last seen Price effective from Koha item type
    Library of Congress Classification   Archives Archives   01/05/2016 Donation   RA 643 .A5 1975 C20354 05/15/2018 01/05/2016 Books

Control of communicable diseases in man /

APA

American Public Health Association, . (1975). Control of communicable diseases in man. Washington, DC: American Public Health Association.

Chicago

American Public Health Association, . 1975. Control of communicable diseases in man. Washington, DC: American Public Health Association.

Harvard

American Public Health Association, . (1975). Control of communicable diseases in man. Washington, DC: American Public Health Association.

MLA

American Public Health Association, . Control of communicable diseases in man. Washington, DC: American Public Health Association. 1975.

  • Place hold
  • Print
  • Cite
  • Add to your cart (remove)
  • Save record
    BIBTEX Dublin Core MARCXML MARC (non-Unicode/MARC-8) MARC (Unicode/UTF-8) MARC (Unicode/UTF-8, Standard) MODS (XML) RIS
  • More searches
    Search for this title in:
    Other Libraries (WorldCat) Other Databases (Google Scholar) Online Stores (Bookfinder.com) Open Library (openlibrary.org)

Exporting to Dublin Core...

SOUTHVILLE LIBRARY

Southville International School and Colleges Library

1281 Tropical Ave. Cor. Luxembourg St., BF Homes International, Las Pinas City

Tel. No. 8256374 / 252358 Loc. 117/146

Powered by Koha